• 首页
  • 本馆介绍
  • 公告通知
  • 最新文献
  • 馆藏检索
  • 电子资源
  • 读者导购
  • 参考咨询
  • 我的图书馆
  • 登录
  • 详细信息显示
  • 放入我的书架
  • 预约/预借图书
  • 作者相关作品
  • 分类相关作品
  • 丛书相关作品
  • 出版社相关作品

书目信息

  • 表格格式
  • 工作单格式
  • 卡片格式
题名:
化学反应过程与设备
    
 
作者: 陈炳和 , 许宁 主编
分册:  
出版信息: 北京   化学工业出版社  2014.08
页数: 244页
开本: 29cm
丛书名:
单 册:
中图分类: TQ03 , TQ052
科图分类:
主题词: 化学反应工程--化工设备--职业教育--教材 , 化学反应工程 , 化工设备
电子资源:
ISBN: 978-7-122-19964-5
000 01078nam0 2200313 450
001 0120141371260
005 20170418151402.48
010    @a978-7-122-19964-5@dCNY31.00
100    @a20140822d2014 em y0chiy0110 ea
101 0  @achi
102    @aCN@b110000
105    @aak z 000yy
106    @ar
200 1  @a化学反应过程与设备@9hua xue fan ying guo cheng yu she bei@e反应器选择、设计和操作@f陈炳和,许宁主编
205    @a3版
210    @a北京@c化学工业出版社@d2014.08
215    @a244页@c图@d29cm
300    @a“十二五”职业教育国家规划教材
330    @a本书共设三个项目,包括均相反应器、气固相反应器和气液相反应器的选择、设计、操作和控制。本书通过化工生产中反应器选择、设计、操作和控制的实际工作过程来揭示工业反应器的共同规律。
333    @a职业教育
606 0  @a化学反应工程@x化工设备@x职业教育@j教材
606 0  @a化学反应工程
606 0  @a化工设备
690    @aTQ03@v5
690    @aTQ052@v5
701  0 @a陈炳和@9chen bing he@f(1958-)@4主编
701  0 @a许宁@9xu ning@4主编
801  0 @aCN@b人天书店@c20140822
905    @b985953-56@dTQ03@e334=3@f4
    
    化学反应过程与设备:反应器选择、设计和操作/陈炳和,许宁主编.-3版.-北京:化学工业出版社,2014.08
    244页:图;29cm
    “十二五”职业教育国家规划教材.-使用对象:职业教育
    
    ISBN 978-7-122-19964-5:CNY31.00
    本书共设三个项目,包括均相反应器、气固相反应器和气液相反应器的选择、设计、操作和控制。本书通过化工生产中反应器选择、设计、操作和控制的实际工作过程来揭示工业反应器的共同规律。
●
相关链接 在E读中查询图书 在五车中查询图书 在当当中查询图书 在豆瓣中查询图书


正题名:化学反应过程与设备     索取号:TQ03/334=3         预约/预借

序号 登录号 条形码 馆藏地/架位号 状态 备注
1 985953   209859535   第二样本阅览室/ [索取号:TQ03/334=3] 在馆    
2 985954   209859544   密集书库-化学系/ [索取号:TQ03/334=3] 在馆    
3 985955   209859553   第三借阅区/ [索取号:TQ03/334=3] 在馆    
4 985956   209859562   第三借阅区/ [索取号:TQ03/334=3] 在馆    
唐山师范学院图书馆 欢迎您!
大连网信软件有限公司© 版权所有